[Event "Corsica-chT"]
[Site "Ponte Leccia"]
[Date "2010.03.28"]
[Round "1"]
[White "Luciani, Thibault"]
[Black "Stolfi, Marie Noelle"]
[Result "1-0"]
[WhiteElo "1861"]
[BlackElo "1500"]
[PlyCount "51"]
[EventDate "2010.03.28"]
[EventType "team-tourn"]
[EventRounds "9"]
[EventCountry "FRA"]
[SourceTitle "EXT 2012"]
[Source "ChessBase"]
[SourceDate "2011.11.24"]
[SourceVersion "1"]
[SourceVersionDate "2011.11.24"]
[SourceQuality "1"]

1. e4 e5 2. Nf3 Nc6 3. Bb5 a6 4. Ba4 b5 5. Bb3 Be7 6. 0-0 Nf6 7. Qe2 d6 8. c3 Bg4 9. h3 Bxf3 10. Qxf3 0-0 11. Rd1 Na5 12. Bc2 c5 13. d3 Nc6 14. Be3 Qc7 15. Nd2 h6 16. Rac1 Nh7 17. Nf1 Bg5 18. Ng3 Bxe3 19. Qxe3 Ng5 20. Nf5 Kh7 21. d4 Ne6 22. d5 g6 23. Qxh6+ Kg8 24. dxc6 gxf5 25. exf5 Qe7 26. f6 1-0

[Event "Corsica-chT"]
[Site "Porticcio"]
[Date "2007.03.18"]
[Round "2.3"]
[White "Querci, Claude"]
[Black "Stolfi, Marie Noelle"]
[Result "0-1"]
[WhiteElo "1290"]
[BlackElo "1590"]
[PlyCount "34"]
[EventDate "2007.03.07"]
[EventType "team"]
[EventRounds "9"]
[EventCountry "FRA"]
[SourceTitle "CBM 117 Extra"]
[Source "ChessBase"]
[SourceDate "2007.05.09"]
[SourceVersion "1"]
[SourceVersionDate "2007.05.09"]
[SourceQuality "1"]
[WhiteTeam "Corsica CC (W)"]
[BlackTeam "Echecs Club du Fium'Orbu"]
[WhiteTeamCountry "FRA"]
[BlackTeamCountry "FRA"]

1. e4 e5 2. Nf3 Nc6 3. d4 exd4 4. Nxd4 Nxd4 5. Qxd4 d6 6. Bc4 c5 7. Qd1 Nf6 8. Nc3 a6 9. 0-0 Be7 10. Bg5 0-0 11. Qd2 Ng4 12. Bxe7 Qxe7 13. h3 Ne5 14. Nd5 Qd8 15. Bb3 b5 16. c3 Bxh3 17. gxh3 Nf3+ 0-1

[Event "Corsica-chT"]
[Site "Travo"]
[Date "2006.03.??"]
[Round "1.4"]
[White "Pieri, Pierre Louis"]
[Black "Stolfi, Marie Noelle"]
[Result "1-0"]
[WhiteElo "1570"]
[BlackElo "1520"]
[PlyCount "59"]
[EventDate "2006.04.09"]
[EventType "team"]
[EventRounds "3"]
[EventCountry "FRA"]
[SourceTitle "EXT 2007"]
[Source "ChessBase"]
[SourceDate "2006.11.23"]
[SourceVersion "1"]
[SourceVersionDate "2006.11.23"]
[SourceQuality "1"]

1. e4 e5 2. Nf3 d6 3. Nc3 Nf6 4. Bc4 Be7 5. d3 Nc6 6. h3 0-0 7. 0-0 Bd7 8. Be3 a6 9. d4 b5 10. Bd3 Nh5 11. Nd5 Nf6 12. Nxe7+ Qxe7 13. Re1 d5 14. dxe5 Nxe4 15. Bf4 Qc5 16. Bxe4 dxe4 17. Rxe4 Bf5 18. Re2 Rad8 19. Qe1 Nd4 20. Nxd4 Qxd4 21. e6 Bxe6 22. Bxc7 Rc8 23. Be5 Qh4 24. Re4 Qg5 25. f4 Qg6 26. Re3 Rxc2 27. Rg3 Bg4 28. Rxg4 Qb6+ 29. Kh1 f6 30. Bc3 1-0